| 000 | 01354cam a22003617a 4500 | ||
|---|---|---|---|
| 003 | CHAP | ||
| 005 | 20220329142242.0 | ||
| 008 | 000329d1999 mx r 00110 spa d | ||
| 010 | _a80593 | ||
| 011 | _a81565 | ||
| 035 | _a92038 | ||
| 040 | _cCHAP | ||
| 090 | _aTesis | ||
| 100 | 0 | 0 |
_aGarcía López, Domingo. _946208 |
| 245 | 1 | 0 |
_aPropagación vegetativa de tomate de cascara (Physalis ixocarpa Brot.) via clonación de esquejes _c/por Domingo García López y José Waldo Jiménez Jiménez |
| 260 |
_aChapingo, Méx. : _bEl autor, _c1999. |
||
| 300 |
_a54 h. : _bgráfs. : cuadros |
||
| 502 | _aTesis (Ing. Agr. Esp. en Fitotecnia) -- UACH. Departamento de Fitotecnia | ||
| 590 |
_aALEPH _b10 _c20130110 _lUCH01 _h1434 |
||
| 590 |
_aBATCH-UPD _b10 _c20130110 _lUCH01 _h0701 |
||
| 590 |
_aBATCH-UPD _b10 _c20130410 _lUCH01 _h0347 |
||
| 590 |
_aBATCH-UPD _b10 _c20130914 _lUCH01 _h1529 |
||
| 590 |
_aCONVERSION _b10 _c20130109 _lUCH01 _h1345 |
||
| 650 | 1 | 4 |
_aTomate verde _xPlántulas. _9113828 |
| 650 | 1 | 4 |
_aTomate verde _xPropagación. _9113831 |
| 700 | 0 |
_aJiménez Jiménez, José Wualdo. _961554 |
|
| 901 | _aBK | ||
| 905 | _aMayto Villalobos S. | ||
| 942 | _cFOLL | ||
| 949 |
_bBC _cTES _d33724000745097 _eTS2 _fc.2 _h34781 _i92038 _sb |
||
| 949 |
_bBC _cTES _d33724000762845 _eTS2 _fc.3 _h35954 _i92038 _sb |
||
| 949 |
_bBC _cTES _d920381 _eTS1 _h34780 _i92038 _sb |
||
| 999 |
_c80593 _d80593 |
||